Parliament and democracy in the twenty-first century : (Record no. 269)

MARC details
000 -LEADER
fixed length control field 01073cam a22002894a 4500
001 - CONTROL NUMBER
control field 14584519
003 - CONTROL NUMBER IDENTIFIER
control field OSt
005 - DATE AND TIME OF LATEST TRANSACTION
control field 20230605104540.0
008 - FIXED-LENGTH DATA ELEMENTS--GENERAL INFORMATION
fixed length control field 061005s2006 enka 001 0 eng
020 ## - INTERNATIONAL STANDARD BOOK NUMBER
International Standard Book Number 9291422975
040 ## - CATALOGING SOURCE
Original cataloging agency DLC
Transcribing agency DLC
Modifying agency DLC
082 00 - DEWEY DECIMAL CLASSIFICATION NUMBER
Classification number 328.3
Item number BEE
100 1# - MAIN ENTRY--PERSONAL NAME
Personal name Beetham, David.
245 10 - TITLE STATEMENT
Title Parliament and democracy in the twenty-first century :
Remainder of title a guide to good practice /
Statement of responsibility, etc. David Beetham.; [cover and illustrations by Aloys Lolo].
246 12 - VARYING FORM OF TITLE
Title proper/short title Parliament and democracy in the 21st century
260 ## - PUBLICATION, DISTRIBUTION, ETC. (IMPRINT)
Place of publication, distribution, etc. Geneva :
Name of publisher, distributor, etc. Inter-Parliamentary Union ,
Date of publication, distribution, etc. 2006.
300 ## - PHYSICAL DESCRIPTION
Extent XI,209 p
Other physical details ill., tables ;
Dimensions 23 cm.
650 #0 - SUBJECT ADDED ENTRY--TOPICAL TERM
Topical term or geographic name as entry element Legislative bodies.
650 #0 - SUBJECT ADDED ENTRY--TOPICAL TERM
Topical term or geographic name as entry element Democracy.
650 #0 - SUBJECT ADDED ENTRY--TOPICAL TERM
Topical term or geographic name as entry element Representative government and representation.
700 1# - ADDED ENTRY--PERSONAL NAME
Personal name Lolo, Aloys.
710 2# - ADDED ENTRY--CORPORATE NAME
Corporate name or jurisdiction name as entry element Inter-parliamentary Union.
856 41 - ELECTRONIC LOCATION AND ACCESS
Materials specified Table of contents only
Uniform Resource Identifier <a href="http://www.loc.gov/catdir/toc/fy0706/2006483854.html">http://www.loc.gov/catdir/toc/fy0706/2006483854.html</a>
906 ## - LOCAL DATA ELEMENT F, LDF (RLIN)
a 7
b cbc
c origres
d 2
e ncip
f 20
g y-gencatlg
942 ## - ADDED ENTRY ELEMENTS (KOHA)
Source of classification or shelving scheme Dewey Decimal Classification
Koha item type Books
Holdings
Withdrawn status Lost status Source of classification or shelving scheme Damaged status Not for loan Home library Current library Date acquired Total Checkouts Full call number Barcode Date last seen Price effective from Koha item type
    Dewey Decimal Classification     Bunge Tower Library Bunge Tower Library 06/05/2023   328.3 BEE 10002090 06/05/2023 06/05/2023 Books
    Dewey Decimal Classification     County Hall Archives County Hall Archives 06/21/2023   328.3 BEE 10009203 06/21/2023 06/21/2023 Books
LIBRARY OPENING HOURS

When the Parliament is sitting: 8.00a.m - 7.00p.m or until the house adjourns
Mondays and Fridays and when the House is on Recess:  8.00a.m - 5.00p.m
Closed on Weekends and Public Holidays

Online Public Access Catalog (OPAC)
Website: http://www.parliament.go.ke
Bunge Library: https://libraryir.parliament.go.ke
Contact: library@parliament.go.ke | Tel no: (254-2)2221291 or 2848000 Ext 5043